Bossanova Album Tracklist - Statistics

General Stats
  • This quiz has been taken 5 times
  • The average score is 12 of 14
Answer Stats
Hint Answer % Correct
7 All Over the World
100%
6 Ana
100%
8 Dig for Fire
100%
12 Hang Wire
100%
14 Havalina
100%
2 Rock Music
100%
4 Allison
75%
11 Blown Away
75%
5 Is She Weird
75%
13 Stormy Weather
75%
10 The Happening
75%
3 Velouria
75%
1 Ceclia Ann
50%
9 Down To The Well
50%
No matching quizzes found
Score Distribution
Percent of People with Each Score
Percentile by Number Answered
Your Score History
You have not taken this quiz